Score 0/24 Timer 03:00
2 Plays Today
Clue 4-Letter Word % Correct
_____ and properPRIM
93.1%
Grand _____, auto racePRIX
92.2%
Sound a snake makesHISS
90.4%
Roll-call responseHERE
90.1%
Cattle clusterHERD
89.3%
Hershey productKISS
88.2%
It may be over one's heelsHEAD
88%
''Stop right there!''HALT
87.1%
British baby buggyPRAM
86.7%
High school subj.HIST.
85.6%
''Dracula'' author StokerBRAM
85.3%
Outlaws Billy and Sundance, e.g.KIDS
83.8%
Clue 4-Letter Word % Correct
Podiatrist's targetFOOT
83.5%
General Mill's cerealTRIX
83.4%
Sword handleHILT
83.1%
Abacus unitBEAD
81.9%
Knox or Ticonderoga, e.g.(FOR)T
80.4%
Smile from ear to earBEAM
80%
Soda fountain treatMALT
79.8%
Loser in an Aesop fableH(ARE)
79.7%
The going rateFARE
70.8%
Like some pointsMOOT
67.2%
Undergo ecdysisMOLT
66.2%
Tiger's callFORE
65.8%

Today's Daily Dose

Missing Word
I Hardly Know Her!

Word Ladder
Sentence Ending

Quick Pick
Female Firsts

Get the Picture
Triathlon Sports

Remove Ads.
Support Sporcle.
Get the best of Sporcle when you Go Orange. This ad-free experience offers more features, more stats, and more fun while also helping to support Sporcle. Thank you for becoming a member.

You're not logged in!

Compare scores with friends on all Sporcle quizzes.
OR
Log In

Show Comments

Extras

Top Quizzes Today


Score Distribution

Your Account Isn't Verified!

In order to create a playlist on Sporcle, you need to verify the email address you used during registration. Go to your Sporcle Settings to finish the process.

Report this User

Report this user for behavior that violates our Community Guidelines.

Details: